| 000 | 00837nam a2200193Ia 4500 | ||
|---|---|---|---|
| 008 | 151119s9999||||xx |||||||||||||| ||und|| | ||
| 082 | _a823.91बन्सल/स्वप्नांचे | ||
| 082 | _bGKKV32990 | ||
| 100 | _aबन्सल रश्मी | ||
| 245 | _aस्वप्नांचे इंद्रधनू अनु-सुनीति काणे | ||
| 260 | _aपुणे | ||
| 260 | _bमेहता पब्लिशिंग हाउस | ||
| 260 | _c2013 | ||
| 600 | _aबन्सल रश्मी | ||
| 630 | _aस्वप्नांचे इंद्रधनू अनु-सुनीति काणे | ||
| 700 | _aबन्सल रश्मी | ||
| 730 | _aस्वप्नांचे इंद्रधनू अनु-सुनीति काणे | ||
| 942 | _cBOOK | ||
| 999 |
_c1085291 _d1085288 |
||